• 首页
  • 本馆介绍
  • 公告通知
  • 最新文献
  • 馆藏检索
  • 电子资源
  • 读者导购
  • 参考咨询
  • 我的图书馆
  • 登录
  • 详细信息显示
  • 放入我的书架
  • 预约/预借图书
  • 作者相关作品
  • 分类相关作品
  • 丛书相关作品
  • 出版社相关作品

书目信息

  • 表格格式
  • 工作单格式
  • 卡片格式
题名:
白领女性必修课
    
 
作者: 裴少桦
分册:  
出版信息: 杭州   浙江文艺出版社  2004
页数: 302
开本: 21cm
丛书名:
单 册:
中图分类: Z228.4
科图分类:
主题词: 百科全书--中国
电子资源:
ISBN: 7-213-02909-6
000 00507nam0 2200181 450
001 0760515518
005 20070817164835.51
010    @a7-213-02909-6@d¥20.00
100    @a20070817d km y0chiy0120 ea
101 0  @achi
200 1  @a白领女性必修课@Abai ling nu xing bi xiu ke@f裴少桦@Fpei shao hua
210    @a杭州@c浙江文艺出版社@d2004
215    @a302@d21cm
606 0  @a百科全书@x中国
690    @aZ228.4@v3
701  0 @a裴少桦@Apei shao hua
801  0 @aCN@bPFT@c20070817
905    @a213230@dZ228.4@eg2@f1
    
    白领女性必修课/裴少桦.-杭州:浙江文艺出版社,2004
    302;21cm
    
    
    ISBN 7-213-02909-6:¥20.00
    
●
相关链接 在E读中查询图书 在五车中查询图书 在当当中查询图书 在豆瓣中查询图书


正题名:白领女性必修课     索取号:Z228.4/g2         预约/预借

序号 登录号 条形码 馆藏地/架位号 状态 备注
1 6501420   265014209   密集书库-海洋学院/ [索取号:Z228.4/g2] 在馆    
2 6501421   265014218   密集书库-海洋学院/ [索取号:Z228.4/g2] 在馆    
唐山师范学院图书馆 欢迎您!
大连网信软件有限公司© 版权所有